000 00315nam a2200121Ia 4500
008 230511s1982 xx 000 0 und d
041 _aeng
082 _a348.044
100 _aAgarwalla
245 _aSupreme Court Digest
260 _aNew Delhi
_bMetropolitan Book Company
_c1982
906 _aSupreme Court Cases
999 _c353859
_d353859